000 00454nam a2200205Ia 4500
001 12754
003 GE_BSU
008 181216s||||||||xx |||||||||||||| ||und||
020 _a9780061229688
040 _cGE_BSU
080 _a821.111-312.4
100 _aSands,Lynsay
245 4 _aThe Accidental Vampire
260 _aNew York
260 _bAvon books
260 _c2008
300 _a372p.18cm.
653 _aThe Accidental Vampire
942 _cBK
999 _c45925
_d45925